000 00770nam a2200241Ia 4500
001 21774
005 20260320113311.0
008 260320s9999||||xx |||||||||||||| ||und||
041 _aESP
082 _a571.939
_bM36
100 _aMedina Rueda, Walter A.,
_eAUT
245 0 _aLa muerte no existe :
_bapoptosis, un ensayo filosófico
246 _a
_5
_b
250 _aPrimera edición
260 _aArequipa :
_bLa Ciudad Producciones,
_c2016
300 _a121 páginas :
_b
_c20 cm.
_e
440 _a
_n
_v
650 _aTCA
653 _aFisiología humana; Muerte; Biología molecular
700 _a
_c
856 _uhttps://accessmedicina-mhmedical-com.ucsp.lookproxy.com/
_zVéase además: Base de datos McGraw Hill Access Medicina
942 _cLIB
_dJUS
_fMAT
_2ddc
_n
999 _c21774
_d21774